[Event "Prinsenstad-toernooi - B groep"]
[Site "Delft"]
[Date "2016.03.26"]
[Round "4.1"]
[White "Klein, Jorik"]
[Black "Zoun, Rogier"]
[Result "1/2-1/2"]
[WhiteElo "1818"]
[BlackElo "1914"]
[PlyCount "124"]
[EventDate "2016.03.27"]
[EventType "swiss"]
[EventRounds "6"]
[EventCountry "NED"]
[Source "DSC"]
[SourceDate "2016.03.25"]

1. e4 d6 2. d4 Nf6 3. Nc3 Nbd7 4. Nf3 e5 5. Bc4 h6 6. O-O c6 7. a3 Be7 8. b4
Qc7 9. Bb3 Nf8 10. Be3 g5 11. d5 Ng6 12. Nd2 Bd7 13. dxc6 bxc6 14. Nc4 O-O 15.
Na5 Kh7 16. Qd3 Nf4 17. Qd2 Rab8 18. Rad1 c5 19. Nd5 N6xd5 20. exd5 cxb4 21.
axb4 Bf5 22. Ra1 Bf6 23. Nc6 e4 24. Rxa7 Qc8 25. Nxb8 Nxg2 26. Nc6 Nh4 27. Kh1
Bg4 28. f3 Bh3 29. Qf2 Bg2+ 30. Kg1 Qh3 31. Qg3 Bxf1 32. Qxh3 Bxh3 33. fxe4
Nf3+ 34. Kh1 Re8 35. Bc4 Rxe4 36. Bd3 Bf5 37. Rxf7+ Kg6 38. Bxe4 Bxe4 39. Rc7
g4 40. Rc8 Bxd5 41. c4 Ne5+ 42. Kg1 Bxc6 43. Bf4 Bf3 44. b5 h5 45. b6 Nd7 46.
Be3 Nc5 47. Rb8 h4 48. Bxc5 dxc5 49. b7 Kf5 50. Rc8 Bxb7 51. Rxc5+ Ke4 52. Rc7
Ba8 53. c5 Kd5 54. Rc8 Bc6 55. Rg8 Bd7 56. Rg6 Bd4+ 57. Kg2 Bxc5 58. Rg5+ Kd4
59. Rh5 h3+ 60. Kg3 Bd6+ 61. Kh4 Bxh2 62. Rg5 Be5 1/2-1/2

[Event "Prinsenstad-toernooi - B groep"]
[Site "Delft"]
[Date "2016.03.26"]
[Round "4.2"]
[White "Dado, Wilco"]
[Black "Van der Molen, Hans"]
[Result "1/2-1/2"]
[WhiteElo "1570"]
[BlackElo "1600"]
[PlyCount "74"]
[EventDate "2016.03.27"]
[EventType "swiss"]
[EventRounds "6"]
[EventCountry "NED"]
[Source "DSC"]
[SourceDate "2016.03.25"]

1. e4 d6 2. d4 Nf6 3. Nc3 g6 4. f4 Bg7 5. Nf3 Bg4 6. Be2 Nc6 7. Be3 e6 8. Qd2
O-O 9. O-O-O d5 10. h3 Bxf3 11. Bxf3 dxe4 12. Nxe4 Nd5 13. Bf2 Rb8 14. g4 Nce7
15. h4 Bh6 16. Be3 Nxe3 17. Qxe3 Nd5 18. Qg1 Bxf4+ 19. Kb1 h6 20. g5 Be3 21.
Qg4 h5 22. Qg3 Bf4 23. Qe1 Bd6 24. c4 Ne7 25. Nf6+ Kh8 26. Qe4 Nf5 27. c5 Be7
28. Qe5 Bxf6 29. gxf6 c6 30. Rhg1 Rg8 31. Rg5 Kh7 32. Bxh5 gxh5 33. Rxh5+ Nh6
34. Rxh6+ Kxh6 35. Qf4+ Kh7 36. Qe4+ Kh6 37. Qf4+ Kh7 1/2-1/2

[Event "Prinsenstad-toernooi - B groep"]
[Site "Delft"]
[Date "2016.03.26"]
[Round "4.2"]
[White "Schilstra, Laurens"]
[Black "Verfuerth, Thomas"]
[Result "0-1"]
[WhiteElo "1988"]
[BlackElo "2067"]
[PlyCount "157"]
[EventDate "2016.03.27"]
[EventType "swiss"]
[EventRounds "6"]
[EventCountry "NED"]
[Source "DSC"]
[SourceDate "2016.03.25"]

1. e4 c5 2. Nf3 d6 3. d4 cxd4 4. Nxd4 Nf6 5. Nc3 g6 6. Be3 Bg7 7. Be2 Nc6 8.
O-O O-O 9. Nb3 Be6 10. f3 d5 11. exd5 Nxd5 12. Nxd5 Qxd5 13. Qxd5 Bxd5 14. c3
Ne5 15. Rad1 Bc4 16. Rfe1 b6 17. Bd4 Bxe2 18. Rxe2 Rfd8 19. Ra1 Nc6 20. Bf2 e6
21. a4 Ne5 22. a5 Nc4 23. Bh4 Rdc8 24. a6 Rc6 25. Bf2 Rd8 26. Nd4 Bxd4 27. Bxd4
e5 28. Bf2 f6 29. f4 Re6 30. b3 Nd2 31. fxe5 Nxb3 32. Rae1 Rde8 33. Rb1 Na5 34.
Rd2 Rxe5 35. Rd7 R5e7 36. Rbd1 Nc4 37. Rb7 Na5 38. Rxe7 Rxe7 39. Rd6 Kf7 40.
Bd4 f5 41. h4 Nb3 42. Bf2 Rc7 43. h5 Nc5 44. Bd4 Ne4 45. Rd8 Nf6 46. Rb8 Ke6
47. Rb7 Nd5 48. Bxb6 Rc6 49. Bd4 Rxa6 50. Rxh7 Ra1+ 51. Kh2 Nf4 52. h6 Ra2 53.
Rxa7 Rxg2+ 54. Kh1 Rg4 55. Be3 Rh4+ 56. Kg1 Nd5 57. Bd2 f4 58. Rh7 Kf5 59. Rh8
Nf6 60. c4 g5 61. c5 Kg6 62. c6 Nd5 63. Rd8 Nb6 64. Rd6+ Kf5 65. c7 Nc8 66. Rd8
Na7 67. Ra8 Rxh6 68. Rxa7 Rc6 69. Ba5 Rc1+ 70. Kf2 g4 71. Ra8 Rc2+ 72. Ke1 Ke4
73. c8=Q Rxc8 74. Rxc8 Kf3 75. Rc3+ Kg2 76. Rc2+ Kh3 77. Kf1 g3 78. Bc7 f3 79.
Bxg3 0-1

[Event "Prinsenstad-toernooi - B groep"]
[Site "Delft"]
[Date "2016.03.26"]
[Round "4.3"]
[White "De Boer, Eelke"]
[Black "Kastelijn, Twan"]
[Result "1/2-1/2"]
[WhiteElo "1933"]
[BlackElo "1894"]
[PlyCount "124"]
[EventDate "2016.03.27"]
[EventType "swiss"]
[EventRounds "6"]
[EventCountry "NED"]
[Source "DSC"]
[SourceDate "2016.03.25"]

1. e4 e6 2. d4 d5 3. Nc3 Bb4 4. e5 c5 5. a3 Ba5 6. Qg4 Ne7 7. Nf3 cxd4 8. Nxd4
Qc7 9. Qg3 Bxc3+ 10. bxc3 Nbc6 11. Nb5 Qa5 12. Nd6+ Kf8 13. Bd2 Nf5 14. Nxf5
exf5 15. Bd3 Qc7 16. f4 Be6 17. O-O g6 18. Qe3 Na5 19. Qd4 Nc4 20. Bxc4 Qxc4
21. Qxc4 dxc4 22. Be1 Kg7 23. Bh4 Rhc8 24. Bf6+ Kf8 25. Rfd1 Ke8 26. Rd6 Rc7
27. Rad1 Rd7 28. Kf2 Rc8 29. Ke3 Rc5 30. R1d4 Ra5 31. Rxd7 Bxd7 32. Rxc4 Rxa3
33. Rc7 Bc6 34. Kd4 Ra4+ 35. c4 Bxg2 36. Re7+ Kf8 37. Rd7 Bc6 38. Rd8+ Be8 39.
Kd5 Ra1 40. Rb8 b6 41. e6 Rd1+ 42. Bd4 fxe6+ 43. Ke5 Ke7 44. Bc3 Rd7 45. Bb4+
Kf7 46. Bd6 g5 47. fxg5 f4 48. c5 f3 49. c6 Rxd6 50. Kxd6 f2 51. Rxe8 f1=Q 52.
Re7+ Kf8 53. Rb7 Qf4+ 54. Kd7 Qf7+ 55. Kd6 Qf4+ 56. Kd7 Qd4+ 57. Kc8 Ke8 58.
Rd7 Qe4 59. Rd8+ Ke7 60. Rd7+ Ke8 61. Rd8+ Ke7 62. Rd7+ Ke8 1/2-1/2

[Event "Prinsenstad-toernooi - B groep"]
[Site "Delft"]
[Date "2016.03.26"]
[Round "4.4"]
[White "Van der Hoeven, Gerben"]
[Black "Hooning, F.H."]
[Result "1-0"]
[WhiteElo "1965"]
[BlackElo "1924"]
[PlyCount "71"]
[EventDate "2016.03.27"]
[EventType "swiss"]
[EventRounds "6"]
[EventCountry "NED"]
[Source "DSC"]
[SourceDate "2016.03.25"]

1. e4 c5 2. Nf3 e6 3. c3 Nf6 4. Bd3 d6 5. O-O Nc6 6. Bc2 e5 7. h3 Be7 8. d3 O-O
9. Re1 Qc7 10. Nbd2 Be6 11. Nf1 d5 12. Ng5 Bd7 13. exd5 Nxd5 14. Bb3 Bxg5 15.
Bxg5 Be6 16. Qf3 Qd7 17. Qg3 f6 18. Bd2 Rfe8 19. Qf3 Rad8 20. Ng3 Kh8 21. Bc2
Qf7 22. Qe4 g6 23. Qf3 Nde7 24. Ne4 c4 25. Qxf6+ Qxf6 26. Nxf6 Rf8 27. Ne4 cxd3
28. Bb3 Bxb3 29. axb3 Nd5 30. Nc5 Rf7 31. Bg5 Rd6 32. Nxd3 Nxc3 33. Nxe5 Nxe5
34. Rxe5 Rd1+ 35. Rxd1 Nxd1 36. Bh6 1-0

[Event "Prinsenstad-toernooi - B groep"]
[Site "Delft"]
[Date "2016.03.26"]
[Round "5.1"]
[White "Zoun, Rogier"]
[Black "Schilstra, Laurens"]
[Result "1-0"]
[WhiteElo "1914"]
[BlackElo "1988"]
[PlyCount "111"]
[EventDate "2016.03.27"]
[EventType "swiss"]
[EventRounds "6"]
[EventCountry "NED"]
[Source "DSC"]
[SourceDate "2016.03.25"]

1. e4 e6 2. d4 d5 3. exd5 exd5 4. Nf3 Bd6 5. Nc3 c6 6. Bg5 Ne7 7. Bd3 O-O 8.
Qd2 f6 9. Bf4 Bf5 10. Bxd6 Qxd6 11. O-O-O Bxd3 12. Qxd3 Nd7 13. Rde1 Ng6 14. g3
Rfe8 15. h4 Nb6 16. Nd2 Kf7 17. h5 Nf8 18. Qf5 Re7 19. Rxe7+ Qxe7 20. Nf3 Nc4
21. Nxd5 cxd5 22. Qxd5+ Ne6 23. Qxc4 Qc7 24. Qb3 Qb6 25. Qxb6 axb6 26. a3 b5
27. Re1 Rd8 28. c3 Rd5 29. g4 Nf4 30. Kd2 Nh3 31. Re2 f5 32. Re5 Rxe5 33. Nxe5+
Kf6 34. f3 Nf4 35. c4 bxc4 36. Nxc4 Ke6 37. Ne3 g6 38. hxg6 hxg6 39. Kc3 Ne2+
40. Kc4 Ng1 41. gxf5+ gxf5 42. d5+ Kd7 43. f4 Ne2 44. Nxf5 Nxf4 45. b4 Kc7 46.
Nd4 Ng2 47. Nf5 Nf4 48. a4 b6 49. a5 bxa5 50. bxa5 Kb7 51. Ne7 Kc7 52. Nc6 Ne2
53. Kc5 Nc3 54. d6+ Kd7 55. Ne5+ Kc8 56. Kc6 1-0

[Event "Prinsenstad-toernooi - B groep"]
[Site "Delft"]
[Date "2016.03.26"]
[Round "5.2"]
[White "Friesen, Philippe"]
[Black "Klein, Jorik"]
[Result "0-1"]
[WhiteElo "1848"]
[BlackElo "1818"]
[PlyCount "68"]
[EventDate "2016.03.27"]
[EventType "swiss"]
[EventRounds "6"]
[EventCountry "NED"]
[Source "DSC"]
[SourceDate "2016.03.25"]

1. e4 c5 2. b4 cxb4 3. a3 d5 4. e5 e6 5. axb4 Qc7 6. Nf3 Bxb4 7. c3 Ba5 8. Qa4+
Nc6 9. Ba3 a6 10. d4 Qd7 11. Qc2 Nge7 12. Bd3 h6 13. O-O O-O 14. Nbd2 Bd8 15.
Nb3 b6 16. Rfe1 a5 17. Qe2 Bb7 18. g4 Re8 19. g5 hxg5 20. Nxg5 Nf5 21. Qh5 Bxg5
22. Qxg5 Nce7 23. Kh1 Ba6 24. Bxa6 Rxa6 25. Rg1 Rc8 26. Rac1 Ng6 27. Nd2 Qb5
28. Nf3 Qd3 29. Qg4 Rxc3 30. Rxc3 Qxc3 31. Bc1 a4 32. Bd2 Qd3 33. Rc1 Ra8 34.
Bb4 a3 0-1

[Event "Prinsenstad-toernooi - B groep"]
[Site "Delft"]
[Date "2016.03.26"]
[Round "5.3"]
[White "Kastelijn, Twan"]
[Black "Van der Hoeven, Gerben"]
[Result "0-1"]
[WhiteElo "1894"]
[BlackElo "1965"]
[PlyCount "96"]
[EventDate "2016.03.27"]
[EventType "swiss"]
[EventRounds "6"]
[EventCountry "NED"]
[Source "DSC"]
[SourceDate "2016.03.25"]

1. d4 d5 2. c4 e5 3. dxe5 d4 4. Nf3 Nc6 5. g3 Bg4 6. Bg2 Nge7 7. O-O Ng6 8. Qb3
Rb8 9. Rd1 Bc5 10. Qb5 Bb6 11. c5 a6 12. Qc4 Ba7 13. Bg5 Qd7 14. Nbd2 Ngxe5 15.
Qc2 O-O 16. Nxe5 Nxe5 17. Ne4 Rfe8 18. b4 d3 19. exd3 Bxd1 20. Rxd1 Nc6 21. Qb2
Qd4 22. Qxd4 Nxd4 23. Nc3 a5 24. Nd5 c6 25. Nc7 Rec8 26. Be3 Nf5 27. Bf4 axb4
28. Bh3 g6 29. Bd6 Nxd6 30. cxd6 Rd8 31. d7 f5 32. Ne8 Bd4 33. Nc7 Rxd7 34. Ne6
Ba7 35. g4 fxg4 36. Bxg4 Rd6 37. Kg2 Re8 38. Ng5 Re5 39. h4 h5 40. Bh3 Re2 41.
Ne4 Rxe4 42. Rb1 Rxd3 43. f3 Re2+ 44. Kf1 Rf2+ 45. Ke1 Rdxf3 46. Be6+ Kg7 47.
Rxb4 Re3+ 48. Kxf2 Re4+ 0-1

[Event "Prinsenstad-toernooi - B groep"]
[Site "Delft"]
[Date "2016.03.26"]
[Round "5.4"]
[White "Senders, Justin"]
[Black "De Boer, Eelke"]
[Result "0-1"]
[WhiteElo "1990"]
[BlackElo "1933"]
[PlyCount "70"]
[EventDate "2016.03.27"]
[EventType "swiss"]
[EventRounds "6"]
[EventCountry "NED"]
[Source "DSC"]
[SourceDate "2016.03.25"]

1. e4 e6 2. d4 d5 3. Nc3 Bb4 4. e5 c5 5. a3 Bxc3+ 6. bxc3 Qa5 7. Bd2 Qa4 8. Qb1
c4 9. f4 Nc6 10. Nf3 Bd7 11. g3 O-O-O 12. Bh3 h6 13. O-O f5 14. g4 g6 15. gxf5
gxf5 16. Kh1 Nge7 17. Rg1 Rhg8 18. Qb2 Rdf8 19. Nh4 Be8 20. Rg3 Bh5 21. Rag1
Kc7 22. Rb1 b6 23. Rbg1 a6 24. Be1 Kb7 25. Bf2 Rxg3 26. hxg3 Nc8 27. Be3 Rg8
28. g4 fxg4 29. f5 N6e7 30. Bg2 exf5 31. Nxf5 Nxf5 32. Bxd5+ Kc7 33. Bxg8 Nxe3
34. Qc1 Qc6+ 35. Kh2 Qf3 0-1

[Event "Prinsenstad-toernooi - B groep"]
[Site "Delft"]
[Date "2016.03.27"]
[Round "6.1"]
[White "De Boer, Eelke"]
[Black "Zoun, Rogier"]
[Result "1-0"]
[WhiteElo "1933"]
[BlackElo "1914"]
[PlyCount "121"]
[EventDate "2016.03.27"]
[EventType "swiss"]
[EventRounds "6"]
[EventCountry "NED"]
[Source "DSC"]
[SourceDate "2016.03.25"]

1. e4 d6 2. d4 Nf6 3. Nc3 Nbd7 4. f4 e5 5. Nf3 exd4 6. Qxd4 c6 7. Be2 Qc7 8. e5
dxe5 9. fxe5 Bc5 10. Qf4 Nh5 11. Qe4 O-O 12. Ng5 Nhf6 13. exf6 Nxf6 14. Qf4 Bd6
15. Qh4 Bf5 16. O-O Bxc2 17. Rxf6 gxf6 18. Nge4 Be5 19. Bh6 Kh8 20. Bxf8 Rxf8
21. Rc1 Qb6+ 22. Kh1 Qxb2 23. Qh6 Rg8 24. Qd2 Bxe4 25. Nxe4 Qxd2 26. Nxd2 Re8
27. Nf3 Bxh2 28. Bc4 Bf4 29. Rd1 Re7 30. Nh4 Re5 31. g4 h5 32. Bxf7 hxg4 33.
Ng6+ Kg7 34. Nxe5 Bxe5 35. Be6 g3 36. Rd7+ Kg6 37. Rxb7 Bd4 38. Rc7 f5 39. Rxc6
Be3 40. Kg2 f4 41. Kf3 Kf6 42. Bb3+ Ke5 43. Ra6 Bb6 44. Ra4 Bd4 45. Ra5+ Kf6
46. Rd5 Be3 47. Bc2 Ke6 48. Be4 Ke7 49. Rd3 Bc1 50. Rc3 Bd2 51. Rc7+ Kd6 52.
Rxa7 Kc5 53. Rb7 Be3 54. a4 Kd4 55. a5 g2 56. Rd7+ Ke5 57. Rd5+ Ke6 58. Kxg2
Ba7 59. Kf3 Be3 60. a6 Ke7 61. Rb5 1-0

[Event "Prinsenstad-toernooi - B groep"]
[Site "Delft"]
[Date "2016.03.27"]
[Round "6.2"]
[White "Klein, Jorik"]
[Black "Van der Hoeven, Gerben"]
[Result "1-0"]
[WhiteElo "1818"]
[BlackElo "1965"]
[PlyCount "45"]
[EventDate "2016.03.27"]
[EventType "swiss"]
[EventRounds "6"]
[EventCountry "NED"]
[Source "DSC"]
[SourceDate "2016.03.25"]

1. e4 c5 2. Nf3 d6 3. d4 cxd4 4. Nxd4 e5 5. Nb3 Be6 6. Nc3 Be7 7. Be2 Nf6 8.
Be3 O-O 9. O-O Nbd7 10. f3 Nb6 11. a4 d5 12. a5 d4 13. axb6 dxc3 14. Qxd8 Rfxd8
15. bxa7 Rdc8 16. Rfb1 Bb4 17. Ra4 Bxb3 18. Rxb4 Bxc2 19. Rc1 cxb2 20. Rxb2 Ba4
21. Rxc8+ Rxc8 22. Rxb7 Nd7 23. Ba6 1-0

[Event "Prinsenstad-toernooi - B groep"]
[Site "Delft"]
[Date "2016.03.27"]
[Round "6.3"]
[White "Schilstra, Laurens"]
[Black "Metz, Atze"]
[Result "0-1"]
[WhiteElo "1988"]
[BlackElo "1846"]
[PlyCount "86"]
[EventDate "2016.03.27"]
[EventType "swiss"]
[EventRounds "6"]
[EventCountry "NED"]
[Source "DSC"]
[SourceDate "2016.03.25"]

1. d4 Nf6 2. c4 c5 3. d5 b5 4. Qc2 d6 5. e4 g6 6. cxb5 a6 7. Nc3 Bg7 8. Nf3 O-O
9. b6 Qxb6 10. Be2 Bg4 11. Nd2 Bxe2 12. Nxe2 Nbd7 13. O-O Rfb8 14. Nc4 Qb5 15.
Rb1 Nb6 16. Nxb6 Qxb6 17. b3 Qb4 18. Ng3 Nd7 19. Bd2 Qb5 20. f4 Nb6 21. a4 Qe8
22. Bc3 Bxc3 23. Qxc3 a5 24. Rbd1 c4 25. e5 cxb3 26. exd6 exd6 27. Nh5 gxh5 28.
Qg3+ Kf8 29. Rfe1 Qd8 30. Qc3 f6 31. Re6 Nd7 32. Qd3 Kg8 33. Rxd6 b2 34. Qf5
Ra7 35. h4 Rab7 36. Kh2 Qe7 37. Re6 Qf7 38. d6 b1=Q 39. Rxb1 Rxb1 40. Re7 Qg6
41. Qe6+ Kh8 42. Rxd7 Rg8 43. Qe2 Qg3# 0-1

[Event "Prinsenstad-toernooi - B groep"]
[Site "Delft"]
[Date "2016.03.27"]
[Round "6.4"]
[White "Van den Berg, Cees"]
[Black "Koster, Chiel"]
[Result "1/2-1/2"]
[WhiteElo "1928"]
[BlackElo "1795"]
[PlyCount "46"]
[EventDate "2016.03.27"]
[EventType "swiss"]
[EventRounds "6"]
[EventCountry "NED"]
[Source "DSC"]
[SourceDate "2016.03.25"]

1. e4 c5 2. Nf3 Nc6 3. d4 cxd4 4. Nxd4 Nf6 5. Nc3 e5 6. Ndb5 d6 7. a4 a6 8. Na3
Bg4 9. f3 Be6 10. Be3 d5 11. exd5 Nxd5 12. Nxd5 Qxd5 13. Qxd5 Bxd5 14. O-O-O
Be6 15. Nc4 Rd8 16. Rxd8+ Kxd8 17. Be2 Be7 18. Rd1+ Kc8 19. Bb6 Bd8 20. Bc5 Bc7
21. Nb6+ Kb8 22. Nd7+ Kc8 23. Nb6+ Kb8 1/2-1/2